000 00932njm a2200289Ia 4500
001 27141
003 IT-RoPAU
005 20220918181132.0
008 131025s9999 xx 000 0 und d
040 _aIT-RoPAU
040 _cIT-RoPAU
999 _c100704
_d100704
999 _bn.d.
100 _aMason and Fenn
_917345
100 _eAutore musica
_917346
100 _gCodice autore musica SPICS: 13060
_917347
245 _aProfiles
250 _a1a ed.
260 _aENGLAND
260 _bEMI RECORDS
_c1985 [1a Ed.:1985 - Ed. Lingua Orig.: 1985]
300 _aDISCO
300 _c48 minuti (Testo: pag.)
500 _aMusica pop
505 _aMalta - Lie For A Lie - Rhoda - Profiles - Israel - And the Address - Mumbo Jumbo - Zip Code - Black Ice - At the End of the Day
650 _aPOP [DISCHI]
_eCodice MATERIA SPICS: 9950
_91001
700 _aMason and Fenn
_gCodice interprete SPICS: 13060
_eInterprete
_917348
942 _cMD
_2ddc